NCAAM Basketball Logo Quiz: Mid-American - Statistics

General Stats
  • This quiz has been taken 178 times
    36 since last reset
  • The average score is 12 of 13
Answer Stats
Picture Answer % Correct
Akron
100%
Ball St.
100%
Bowling Green
100%
Buffalo
100%
Kent St.
100%
Northern Illinois
100%
Central Michigan
97%
Eastern Michigan
97%
Massachusetts
97%
Miami (OH)
97%
Toledo
93%
Western Michigan
87%
Ohio
77%
No matching quizzes found
Score Distribution
Percent of People with Each Score
Percentile by Number Answered
Your Score History
You have not taken this quiz since the last reset